000 00346nam a22001457a 4500
008 250422b ||||| |||| 00| 0 eng d
020 _a9780520088177
041 _aeng
080 _21999
_a101COH
082 _2101COH
_a101COH
100 _a42
101 _aFILOZOFI
245 _aISAAC NEWTON THE PRINCIPIA
_cI.BERNARD COHEN
942 _2udc
_cBK
999 _c60688
_d60688